| 000 | 00538nam a2200193Ia 4500 | ||
|---|---|---|---|
| 005 | 20250326141634.0 | ||
| 008 | 250326s9999 xx 000 0 und d | ||
| 020 | _a0 419 14910 4 | ||
| 037 | _aTextbook | ||
| 040 |
_aFMSL _beng _cFMSL |
||
| 041 |
_aeng _2eng |
||
| 084 |
_aX:89Q8 M9 _qFMSL |
||
| 100 |
_aAshford J L _9744815 |
||
| 245 | 0 |
_aManagement of quality in construction _cAshford J L |
|
| 260 |
_aLondon _bLondon, E & F. N Spon _c1989 |
||
| 300 | _a246p | ||
| 942 |
_cTB _hX:89Q8 M9 |
||
| 999 |
_c1291261 _d1291261 |
||